MARC

LEADER 00000nas1a2200000 4500
001 379681
005 20231101062626.0
011 |a 0572-2691 
035 |a (RuTPU)RU\TPU\prd\73 
035 |a PERI00000073 
090 |a 379681 
100 |a 20011210b19569999k y0rusy50 ca 
101 0 |a rus 
102 |a UA 
110 |a agaz|||0uu0 
200 1 |a Автоматика  |e научно-технический журнал  |f Академия наук Украины (АНУ) 
210 |a Киев  |c Наукова думка  |d 1978-1993 
305 |a Издается с 1956 г. 
326 |a 6 номеров в год 
440 1 |0 (RuTPU)RU\TPU\prd\312  |x 0572-2691  |t Проблемы управления и информатики  |o научно-технический журнал  |f Национальная академия наук Украины (НАНУ)  |c Киев  |d 1994- 
610 1 |a автоматика 
610 1 |a управление 
610 1 |a информатика 
610 1 |a управляемые системы 
610 1 |a оптимизация процессов 
675 |a 681.5  |v 3 
712 0 2 |a Академия наук Украины (АНУ)  |c (1991-1993)  |2 stltpush  |3 (RuTPU)RU\TPU\col\10788 
801 0 |a UA  |b 63413507  |c 20011210  |g PSBO 
801 2 |a RU  |b 63413507  |c 20140130  |g PSBO 
942 |c CR